MARC details
| 000 -LEADER |
| fixed length control field |
01391cam a22002531i 4500 |
| 001 - CONTROL NUMBER |
| control field |
4593507 |
| 003 - CONTROL NUMBER IDENTIFIER |
| control field |
BDDh-ASL |
| 005 - DATE AND TIME OF LATEST TRANSACTION |
| control field |
20231015030201.0 |
| 008 - FIXED-LENGTH DATA ELEMENTS--GENERAL INFORMATION |
| fixed length control field |
800115s1964 it b 001 0 ita |
| 010 ## - LIBRARY OF CONGRESS CONTROL NUMBER |
| LC control number |
75573182 |
| 040 ## - CATALOGING SOURCE |
| Original cataloging agency |
DLC |
| Transcribing agency |
DLC |
| Modifying agency |
CU |
| -- |
BDDh-ASL |
| 050 00 - LIBRARY OF CONGRESS CALL NUMBER |
| Classification number |
PJ7864.A356 |
| Item number |
Z9 |
| 082 ## - DEWEY DECIMAL CLASSIFICATION NUMBER |
| Classification number |
928 |
| Item number |
TAH |
| 245 00 - TITLE STATEMENT |
| Title |
Ṭāhā Ḥusein : |
| Remainder of title |
[omaggio degli arabisti italiani a Ṭāhā Ḥusein in occasione del settantacinquesimo compleanno]. |
| 260 ## - PUBLICATION, DISTRIBUTION, ETC. |
| Place of publication, distribution, etc. |
Napoli : |
| Name of publisher, distributor, etc. |
Istituto universitario orientale, |
| Date of publication, distribution, etc. |
1964. |
| 300 ## - PHYSICAL DESCRIPTION |
| Extent |
xvi, 310 p. ; |
| Dimensions |
25 cm. |
| 504 ## - BIBLIOGRAPHY, ETC. NOTE |
| Bibliography, etc. note |
Includes bibliographical references and index. |
| 505 0# - FORMATTED CONTENTS NOTE |
| Formatted contents note |
Rizzitano, U. Ṭāhā Ḥusein, nota bio-bibliografica.--Levi della Vida, G. L'opera storica di Ṭāhā Ḥusein.--Gabrieli, F. Ṭāhā Ḥusein critico.--Rizzitano, U. Ṭāhā Ḥusein narratore.--Nallino, M. Ṭāhā Ḥusein e l'Italia.--Moreno, M. M. Ṭāhā Ḥusein e l'Islam.--Minganti, P. Ṭāhā Ḥusein e l'insegnamento in el-Azhar.--Veccia Vaglieri, L. e Rubinacci, R. al-Qaṣr al-masḥür.--Sarnelli Cerqua, C. Adīb.--Belfiore, G. Šaǧarat al-bu's.--Scelta antologica. |
| 600 10 - SUBJECT ADDED ENTRY--PERSONAL NAME |
| Personal name |
Ḥusayn, Ṭāhā, |
| Dates associated with a name |
1889-1973 |
| General subdivision |
Criticism and interpretation. |
| 700 1# - ADDED ENTRY--PERSONAL NAME |
| Personal name |
Ḥusayn, Ṭāhā, |
| Dates associated with a name |
1889-1973. |
| 710 2# - ADDED ENTRY--CORPORATE NAME |
| Corporate name or jurisdiction name as entry element |
Istituto universitario orientale (Naples, Italy) |
| 906 ## - LOCAL DATA ELEMENT F, LDF (RLIN) |
| a |
7 |
| b |
cbc |
| c |
orignew |
| d |
u |
| e |
ncip |
| f |
19 |
| g |
y-gencatlg |
| 942 ## - ADDED ENTRY ELEMENTS (KOHA) |
| Source of classification or shelving scheme |
Dewey Decimal Classification |
| Koha item type |
Books |